Fuzzy measures and integrals : theory and applications

Αποθηκεύτηκε σε:
Λεπτομέρειες βιβλιογραφικής εγγραφής
Άλλοι συγγραφείς: Grabisch, Michel (Επιμελητής έκδοσης), Murofushi, Toshiaki, 1960- (Επιμελητής έκδοσης), Sugeno, Michio, 1940- (Επιμελητής έκδοσης)
Μορφή: Βιβλίο
Γλώσσα:English
Δημοσίευση: Hiedelberg : Physica-Verlag, c2000.
Σειρά:Studies in fuzziness and soft computing ; 40
Θέματα:
Ετικέτες: Προσθήκη ετικέτας
Δεν υπάρχουν, Καταχωρήστε ετικέτα πρώτοι!

MARC

LEADER 00000cam a2200000 i 4500
001 1/16072
008 010129s2000 gw | ||| |||| ||eng||
020 |a 3790812587 
035 |l 10065644 
040 |a GR-MyUa  |b gre  |e AACR2 
041 0 |a eng 
082 7 |a 515.42   |2 (22) 
245 0 0 |a Fuzzy measures and integrals :   |b theory and applications /   |c Michel Grabisch, Toshiaki Murofushi, Michio Sugeno (editors).  
260 |a Hiedelberg :   |b Physica-Verlag,   |c c2000.  
300 |a xiv, 476 σ. :   |b εικ. ;   |c 24 εκ. 
490 1 |a (Studies in fuzziness and soft computing ;   |v 40) 
500 |a Με 76 σχέδια και 41 πίνακες. 
504 |a Περιλαμβάνει βιβλιογραφικές παραπομπές.  
650 0 |a Fuzzy measure theory. 
650 0 |a Fuzzy integrals. 
700 1 |a Grabisch, Michel,  |e edt 
700 1 |a Murofushi, Toshiaki,   |d 1960-  |e edt 
700 1 |a Sugeno, Michio,   |d 1940-  |e edt 
830 0 |a Studies in fuzziness and soft computing ;  |v 40 
852 |a INST  |b SYROS  |e 20010129  |h 515.42 FUZ  |p 005500001558  |q 005500001558  |t BK  |y 0 
901 |a BIBL5-2001-1 
922 |a 5ΕΛΗ  |b 200012  |c Γραφικών Τεχνών  |d Μιχαλόπουλος 
950 |a 183-2000-12-09 
970 |a Κοντού  |b Παρασκευή  |z 29/01/2001